header

Smarts (Record no. 216632)

MARC details
000 -LEADER
fixed length control field 01218nam a2200337Ia 4500
082 04 - DEWEY DECIMAL CLASSIFICATION NUMBER
Classification number 658.4/09
100 1# - MAIN ENTRY--AUTHOR NAME
Personal name Martin, Chuck,
245 10 - TITLE STATEMENT
Title Smarts
260 ## - PUBLICATION, DISTRIBUTION, ETC. (IMPRINT)
Place of publication New York :
Name of publisher Amacom,
Year of publication c2007.
300 ## - PHYSICAL DESCRIPTION
Number of Pages xii, 226 p.
500 ## - GENERAL NOTE
General note Includes index.
650 #0 - SUBJECT ADDED ENTRY--TOPICAL TERM
Topical Term Executive ability
Topical Term Industrial management.
700 1# - ADDED ENTRY--PERSONAL NAME
Personal name Dawson, Peg.
Personal name Guare, Richard.
856 40 - ELECTRONIC LOCATION AND ACCESS
Uniform Resource Identifier http://site.ebrary.com/lib/rucke/Doc?id=10196174

No items available.

© 2026 Rongo University
Contact us: librarian | system librarian | Rongo university